000 00414nam a2200145Ia 4500
008 100122s9999 xx 000 0 und d
082 _b2288
_a823
100 _aदातार रा ह
245 _aप्रेम बंधन
260 _bप्रकाशक शोधणे
_c1924
300 _a55
630 _aप्रेम बंधन
730 _aप्रेम बंधन
942 _cBOOK
999 _c396700
_d396697